000 00384nam a2200157Ia 4500
008 160316s2001 xxu||||| |||| 00| 0 eng d
082 _a331.380000
_bIND
100 _a
245 _aChild labour: Blindfolded system and childhood
250 _a
260 _a
_bIndian Legal Eagle
_c2001
300 _a2
_b
_c
365 _b
650 _a1. Child labour - industry
700 _a
_a
999 _c40071
_d40071